000 00785cam a22002411 4500
001 6966
003 BD-RjUL
005 20211208234339.0
008 140113r19731969ru a b 001 0 eng
035 _a(BD-RjUL)7008
040 _aDLC
_cDLC
_dDLC
_dBD-RjUL
_beng
041 1 _aengrus
082 0 0 _a519.1
_219
_bGNT 1973
100 1 _aGnedenko, B. V.
_q(Boris Vladimirovich),
_d1912-1995.
_921785
245 1 4 _aThe theory of probability /
_cby B.V. Gnedenko. Translated from the Russian by George Yankovsky.
260 _aMoscow :
_bMIR,
_c1969 [printing 1973].
300 _a405 p. :
_billus. ;
_c22 cm.
504 _aBibliographical reference and index.
650 0 _aProbabilities.
_9243
942 _2ddc
_cBK
999 _c6966
_d6966